Loading...
Manorama yearbook 2016/
| Other Authors: | |
|---|---|
| Format: | Printed Book |
| Published: |
Kottayam
Malayala Manorama
2003
|
| Subjects: |
| LEADER | 00532nam a22001571a 4500 | ||
|---|---|---|---|
| 082 | |a R 050 |b MAM/M | ||
| 245 | |a Manorama yearbook 2016/ |c edited by Mamman Mathew | ||
| 260 | |a Kottayam |b Malayala Manorama |c 2003 | ||
| 300 | |a 1039p. | ||
| 650 | |a Generalia Reference Sources | ||
| 650 | |a Reference Sources | ||
| 650 | |a Year Book | ||
| 700 | |a Mamman Mathew (ed.) | ||
| 942 | |c REF | ||
| 999 | |c 60406 |d 60406 | ||
| 952 | |0 0 |1 0 |4 0 |6 R_050_000000000000000_MAM_M |7 0 |9 83608 |a SSUS |b SSUS |c REF |d 2016-04-25 |g 300.00 |o R 050 MAM/M |p 082194 |r 2016-04-25 |w 2016-04-25 |y REF | ||